Meeting the needs of the handicapped : a resource for teachers and librarians /

Bibliographic Details
Other Authors: Thomas, Carol H., Thomas, James L., 1945-
Format: Book
Language:English
Published: Phoenix, Ariz. : Oryx Press, 1980.
Subjects:

MARC

Tag First Indicator Second Indicator Subfields
LEADER 00000pam a2200000 i 4500
001 in00000683068
005 20151015161053.0
008 800304s1980 azua b 00100 eng
010 |a  80012504  
020 |a 0912700548 :  |c $18.50 
035 |a (OCoLC)06143345 
035 |9 ACZ3448AM 
040 |a DLC  |c DLC  |d TXA  |d UtOrBLW 
043 |a n-us--- 
049 |a TXAM  |c [950696] 
050 0 0 |a LC4015  |b .M43 
082 0 |a 371.9 
245 0 0 |a Meeting the needs of the handicapped :  |b a resource for teachers and librarians /  |c edited with a pref. and introd. by Carol H. Thomas and James L. Thomas. 
264 1 |a Phoenix, Ariz. :  |b Oryx Press,  |c 1980. 
300 |a xxiv, 479 pages :  |b illustrations ;  |c 24 cm. 
336 |a text  |b txt  |2 rdacontent 
337 |a unmediated  |b n  |2 rdamedia 
338 |a volume  |b nc  |2 rdacarrier 
500 |a Includes index. 
504 |a Bibliography: pages [373]-384. 
650 0 |a Children with disabilities  |x Education  |z United States. 
700 1 |a Thomas, Carol H. 
700 1 |a Thomas, James L.,  |d 1945- 
999 |a MARS 
999 f f |s 80b58258-1b7c-3335-bc3f-c9a51e6e6a85  |i 9e5c4317-eca5-3452-814b-dabe53bba66e  |t 0 
952 f f |p normal  |a Texas A&M University  |b College Station  |c Sterling C. Evans Library  |d Evans: Library Stacks  |t 0  |e LC4015 .M43  |h Library of Congress classification  |i unmediated -- volume  |m A14803324719 
998 f f |a LC4015 .M43  |t 0  |l Evans: Library Stacks